| 000 | 01067nam a22002537a 4500 | ||
|---|---|---|---|
| 005 | 20240530110408.0 | ||
| 008 | 150205s2011 ua g b 000 0 ara d | ||
| 017 |
_a2010/13959 _bمصر . دار الكتب المصرية |
||
| 020 | _a9776364218 | ||
| 040 | _aEG-CaGPL | ||
| 041 | 0 | _aara | |
| 082 | 0 | 4 |
_221 _a328.3456\ _bم و |
| 100 | 0 | _aمدحت احمد يوسف غنايم | |
| 245 | 1 | 0 |
_aوسائل الرقابة البرلمانية على اعمال الحكومة فى النظام البرلمانى / _cمدحت احمد يوسف غنايم |
| 260 |
_aالقاهرة : _bالمركز القومى للاصدارات القانونية ، _c2011 |
||
| 300 |
_a506 ص ؛ _c24 سم |
||
| 504 | _aببليوجرافية : ص 494 - 499 | ||
| 650 | 0 | 4 | _aالرقابة البرلمانية |
| 650 | 0 | 4 | _aالقانون الدستورى |
| 650 | 0 | 4 |
_aمصر _xمجلس الشورى |
| 650 | 0 | 4 |
_aمصر _xالدستور _xتاريخ _yالعصر الحديث _yالخديوى توفيق |
| 942 |
_2ddc _cBK |
||
| 999 |
_c60392 _d60392 |
||